=LDR 00000nam 2200000 4500 =001 INLIS000000000010578 =005 20130612102224 =008 ***********************************Ind** =035 ##$$0010-061300000010578 =041 ##$$a Ind =082 ##$$a 541.3 =090 ##$$a 541.3, Ach p =100 ##$$a ACHMAD, Hiskia =245 ##$$a Penuntun belajar Kimia Dasar Kimia Larutan =260 ##$$a 2001 $b Bandung =300 ##$$a 220 hlm, 26 cm =650 ##$$a Kimia Larutan =850 ##$$a NBPNMAT =990 ##$$a 15781578 =990 ##$$a 01201901578